Normal view
MARC view
- Islamic Banks
Entry Topical Term
001 - CONTROL NUMBER
- control field: 1769
003 - CONTROL NUMBER IDENTIFIER
- control field: JO-AjAnu
005 - DATE AND TIME OF LATEST TRANSACTION
- control field: 20230606070607.0
008 - FIXED-LENGTH DATA ELEMENTS
- fixed length control field: 230606|| aca||aabn | a|a d
040 ## - CATALOGING SOURCE
- Original cataloging agency: JO-AjAnu
- Transcribing agency: JO-AjAnu
150 ## - HEADING--TOPICAL TERM
- Topical term or geographic name entry element: Islamic Banks
670 ## - SOURCE DATA FOUND
- Source citation: Work cat.: (JO-AjAnu)932: Greuning,Hennie Van / ZamirIqbal, author 1768, Risk Analysis for Islamic Banks